CIMIS net-sistemas de información distribuidos para manufactura integrada por computadora

Gespeichert in:
Bibliographische Detailangaben
1. Verfasser: Mazón González, Ismael, 1954-
Format: Buch
Veröffentlicht: [San José, Costa Rica] : Universidad de Costa Rica, Facultad de Ingeniería, Instituto de Investigaciones en Ingeniería, Escuela de Ingeniería Eléctrica 1996
Tags: Tag hinzufügen
Keine Tags, Fügen Sie den ersten Tag hinzu!

MARC

LEADER 00000nam a2200000Ia 4500
003 PI0081
005 20240411081954.0
008 140116s1996 c a 000 ||s d
040 |c cru CEDI 
090 |a PI 81 
100 |a Mazón González, Ismael, 1954-  |9 1712 
245 |a CIMIS net-sistemas de información distribuidos para manufactura integrada por computadora 
260 |a [San José, Costa Rica] : Universidad de Costa Rica, Facultad de Ingeniería, Instituto de Investigaciones en Ingeniería, Escuela de Ingeniería Eléctrica  |c 1996 
300 |c 6 páginas  
500 |a Informe Final No. 731-93-583 
501 |a Contenido en ingles  
942 |c PI  |h PI-96  |i PI0096  |6 PI_96_PI0096 
999 |c 13221  |d 13221